El diablo y Michael Taussig : (Record no. 200032)

MARC details
000 -CABECERA
campo de control de longitud fija 00758nam a2200217 a 4500
005 - FECHA Y HORA DE LA ÚLTIMA TRANSACCIÓN
campo de control 20241030063736.0
008 - ELEMENTOS DE LONGITUD FIJA--INFORMACIÓN GENERAL
campo de control de longitud fija 181120s2017 mx r 000 0 spa d
020 ## - NÚMERO INTERNACIONAL NORMALIZADO PARA LIBROS
Número Internacional Estándar del Libro 9786074849332
035 ## - NÚMERO DE CONTROL DEL SISTEMA
Número de control de sistema UPN01000227937
049 ## - COLECCIÓN
Colección CG
050 #4 - SIGNATURA TOPOGRÁFICA DE LA BIBLIOTECA DEL CONGRESO
Número de clasificación GN345
Número de documento/Ítem M6.3
100 1# - ASIENTO PRINCIPAL--NOMBRE PERSONAL
Nombre de persona Moszowski Van Loon, Aäron
9 (RLIN) 42355
245 13 - MENCIÓN DE TÍTULO
Título El diablo y Michael Taussig :
Resto del título la arquitectura filosófica de la antropología contemporánea /
Mención de responsabilidad, etc. Aäron Moszowski Van Loon.
260 ## - PUBLICACIÓN, DISTRIBUCIÓN, ETC.
Lugar de publicación, distribución, etc. México :
Nombre del editor, distribuidor, etc. Secretaría de Cultura :
-- INAH,
Fecha de publicación, distribución, etc. 2017.
300 ## - DESCRIPCIÓN FÍSICA
Extensión 307 p.
440 #0 - MENCIÓN DE SERIE/ASIENTO SECUNDARIO--TÍTULO
Título Etnología y antropología social
Nombre de parte o sección de la obra Logos
650 #4 - ASIENTO SECUNDARIO DE MATERIA - TERMINO TEMATICO
Término de materia o nombre geográfico como elemento de entrada Antropología
Subdivisión general Filosofía
9 (RLIN) 992
600 14 - ASIENTO SECUNDARIO DE MATERIA - NOMBRE PERSONAL
Nombre de persona TAUSSIG, MICHAEL THOMAS,
Fechas asociadas al nombre 1940- -
Subdivisión general CRITICA E INTERPRETACION
9 (RLIN) 27232
905 ## - TIPO DE MATERIAL
Tipo de material Libro
Holdings
Estado de retiro Estado de pérdida Fuente del sistema de clasificación o colocación Estado dañado No para préstamo Código de colección Localización permanente Ubicación/localización actual Ubicación en estantería Total de préstamos Clasificación Código de barras Fecha visto por última vez Número de copia Tipo de ítem Koha
    Library of Congress Classification     Colección General Bib. Gregorio Torres Quintero Bib. Gregorio Torres Quintero Planta baja   GN345 M6.3 328069 31/12/2020 1 Libro